000 00451nam a2200157 i 4500
001 80072
003 ES-MaACL
005 20230906174125.0
007 t|
008 041026s1966 sp ||||1| spa d
245 0 0 _aHipertensión nefrigena /
_cFrancisco Romero Aguirre... [et al.].
260 _aMadrid :
_bGarsi,
_c1966.
300 _a254 p. :
_bil. ;
_c25 cm.
700 1 _aRomero Aguirre, Francisco.
_999354
852 _aES-MaACL
_jC-30120
_bR.60142
999 _c80072
_d80072